[Event "2023 Norbert Muller Cup (Division C)"]
[Site "Woodvale, Perth WA AUS"]
[Date "2023.11.08"]
[Round "5"]
[White "Brooke, John"]
[Black "Curtis, Calan"]
[Result "0-1"]
[WhiteElo "1462"]
[BlackElo "1431"]
[PlyCount "68"]
[EventDate "2023.10.11"]
[EventType "tourn"]
[EventRounds "7"]
[EventCountry "AUS"]
[TimeControl "3600+30"]

1. e4 e6 2. Nf3 d5 3. e5 c5 4. Bb5+ Nc6 5. O-O Qc7 6. Re1 Nge7 7. d3 a6 8.
Bxc6+ Nxc6 9. Bf4 Bd7 10. Nbd2 Be7 11. c3 Rc8 12. Bg3 d4 13. c4 Nb4 14. Ne4 Bc6
15. a3 Bxe4 16. dxe4 Nc6 17. Qd3 g5 18. h3 h5 19. Nh2 h4 20. Nf1 hxg3 21. Nxg3
Nxe5 22. Qe2 Rd8 23. b3 Bd6 24. Nh5 g4 25. Nf6+ Ke7 26. Nxg4 Nxg4 27. Qxg4 Rdg8
28. Qf3 Bh2+ 29. Kf1 Qf4 30. Qd3 Rg3 31. Qc2 Rhg8 32. f3 Rxf3+ 33. gxf3 Qxf3+
34. Qf2 Rg1# 0-1

[Event "2023 Norbert Muller Cup (Division D)"]
[Site "Woodvale, Perth WA AUS"]
[Date "2023.11.08"]
[Round "5"]
[White "Bordas, Lindsay"]
[Black "Gough, Sebastian"]
[Result "0-1"]
[WhiteElo "1196"]
[BlackElo "1058"]
[PlyCount "114"]
[EventDate "2023.10.11"]
[EventType "swiss"]
[EventRounds "7"]
[EventCountry "AUS"]
[TimeControl "3600+30"]

1. e4 Nf6 2. Nc3 Nc6 3. Nf3 e5 4. Bc4 Bc5 5. Ng5 Qe7 6. Bxf7+ Kf8 7. Bc4 Nd8 8.
Qf3 h6 9. Nd5 Qd6 10. Nxf6 Qxf6 11. Qxf6+ gxf6 12. Nf3 c6 13. O-O b5 14. Be2
Ne6 15. c3 Bb7 16. d4 exd4 17. cxd4 Bxd4 18. e5 Bxe5 19. Nxe5 fxe5 20. Be3 d5
21. Bg4 Ke7 22. Rac1 h5 23. Bh3 Kd6 24. b4 a5 25. Bc5+ Nxc5 26. bxc5+ Kc7 27.
Rfe1 e4 28. Re3 Rhg8 29. f3 Rae8 30. fxe4 dxe4 31. Bf5 Rg5 32. Rxe4 Rxe4 33.
Bxe4 Rg4 34. Bf3 Ra4 35. Bxh5 Rxa2 36. g4 Bc8 37. g5 Be6 38. Re1 Bd5 39. Re7+
Kd8 40. Re8+ Kd7 41. Rh8 Rg2+ 42. Kf1 Rxg5 43. Rh7+ Kc8 44. Be2 Bg2+ 45. Ke1
Rxc5 46. Bg4+ Kb8 47. Rh6 Rg5 48. Bd7 Kc7 49. Rh7 Kb6 50. h4 Rg8 51. Rh6 Rd8
52. Rh7 a4 53. Rg7 Bf3 54. Rf7 Bh5 55. Rh7 a3 56. Be6 Re8 57. Rh6 Bg4 0-1

[Event "2023 Norbert Muller Cup (Division D)"]
[Site "Woodvale, Perth WA AUS"]
[Date "2023.11.08"]
[Round "5"]
[White "Powell, Darren"]
[Black "Porteus, Grant"]
[Result "1-0"]
[WhiteElo "1336"]
[BlackElo "1431"]
[PlyCount "63"]
[EventDate "2023.10.11"]
[EventType "swiss"]
[EventRounds "7"]
[EventCountry "AUS"]
[TimeControl "3600+30"]

1. e4 c6 2. d3 e5 3. Nf3 Qc7 4. b3 d5 5. Nbd2 Bg4 6. Be2 Nd7 7. a3 Ngf6 8. h3
Bh5 9. Bb2 Bd6 10. c4 d4 11. b4 c5 12. Qb3 cxb4 13. axb4 a5 14. c5 Be7 15. Ng5
O-O 16. Bxh5 Nxh5 17. Ngf3 axb4 18. O-O Nxc5 19. Qc4 Nf4 20. Ne1 Rxa1 21. Bxa1
Ra8 22. Bb2 Qa5 23. Nb3 Nxb3 24. Qxb3 Qa4 25. Qxa4 Rxa4 26. f3 Ne2+ 27. Kf2 Nc3
28. Kg3 Ra2 29. Rf2 Nd1 30. Rc2 Rxb2 31. Rc7 Kf8 32. Rc8+ 1-0

[Event "2023 Norbert Muller Cup (Division D)"]
[Site "Woodvale, Perth WA AUS"]
[Date "2023.11.08"]
[Round "5"]
[White "Dawoud, Ahmad"]
[Black "Lanham, Bruce"]
[Result "1/2-1/2"]
[WhiteElo "966"]
[BlackElo "1215"]
[PlyCount "50"]
[EventDate "2023.10.11"]
[EventType "swiss"]
[EventRounds "7"]
[EventCountry "AUS"]
[TimeControl "3600+30"]

1. d4 d5 2. c4 e6 3. Nc3 Nf6 4. Bf4 dxc4 5. e4 c5 6. e5 Nd5 7. Nxd5 exd5 8. Be2
b6 9. Bf3 Be6 10. Ne2 Nc6 11. O-O Be7 12. Be3 cxd4 13. Bxd4 Nxd4 14. Nxd4 Qd7
15. Nxe6 fxe6 16. Qd4 O-O 17. Qg4 Rad8 18. Rad1 b5 19. Be4 Qc6 20. Bc2 a5 21.
Qh3 g6 22. Rc1 Qb6 23. Qh6 Qd4 24. Bxg6 hxg6 25. Qxg6+ Kh8 1/2-1/2

[Event "2023 Norbert Muller Cup (Division D)"]
[Site "Woodvale, Perth WA AUS"]
[Date "2023.11.08"]
[Round "5"]
[White "Markou, Victor"]
[Black "Owen, Geoffrey"]
[Result "0-1"]
[WhiteElo "1042"]
[BlackElo "1120"]
[PlyCount "70"]
[EventDate "2023.10.11"]
[EventType "swiss"]
[EventRounds "7"]
[EventCountry "AUS"]
[TimeControl "3600+30"]

1. e4 e5 2. Nf3 Nc6 3. d3 f5 4. g3 Nf6 5. Nbd2 Be7 6. Bg2 d6 7. O-O O-O 8. Re1
f4 9. Nf1 Ng4 10. d4 fxg3 11. fxg3 h5 12. Ne3 h4 13. Nf1 Qd7 14. h3 Nf6 15.
Nxh4 exd4 16. Nf5 Ne5 17. Nxe7+ Qxe7 18. Qxd4 Bxh3 19. Bxh3 Nf3+ 20. Kf2 Nxd4
21. Ne3 Ng4+ 22. Kg1 Nf3+ 23. Kf1 Nxe1+ 24. Kxe1 Qxe4 25. Bxg4 Qh1+ 26. Kd2
Rf2+ 27. Kc3 Qc6+ 28. Nc4 b5 29. Be6+ Kf8 30. Be3 Re2 31. Rf1+ Ke7 32. Kd3 Kxe6
33. Kxe2 Qxc4+ 34. Ke1 Qxc2 35. Bd4 Qe4+ 0-1

[Event "2023 Norbert Muller Cup (Division D)"]
[Site "Woodvale, Perth WA AUS"]
[Date "2023.11.08"]
[Round "5"]
[White "May, Wendy"]
[Black "Overste, Brian"]
[Result "0-1"]
[WhiteElo "875"]
[BlackElo "998"]
[PlyCount "48"]
[EventDate "2023.10.11"]
[EventType "swiss"]
[EventRounds "7"]
[EventCountry "AUS"]
[TimeControl "3600+30"]

1. e4 e5 2. Nf3 Nc6 3. d4 d5 4. dxe5 dxe4 5. Nfd2 Qd5 6. Bc4 Qxe5 7. O-O Bd6 8.
g3 b5 9. Be2 Nf6 10. Nc3 Bh3 11. Re1 O-O 12. a3 a6 13. a4 b4 14. Na2 e3 15. Nf3
exf2+ 16. Kxf2 Ne4+ 17. Kg1 Bc5+ 18. Qd4 Bxd4+ 19. Nxd4 Qxd4+ 20. Be3 Qxe3+ 21.
Kh1 Nf2+ 22. Kg1 Nd3+ 23. Kh1 Qe4+ 24. Kg1 Qg2# 0-1

[Event "2023 Norbert Muller Cup (Division A)"]
[Site "Woodvale, Perth WA AUS"]
[Date "2023.11.15"]
[Round "6"]
[White "Maris, Rob"]
[Black "Wolstencroft, Alan"]
[Result "0-1"]
[WhiteElo "2099"]
[BlackElo "1865"]
[PlyCount "70"]
[EventDate "2023.10.11"]
[EventType "tourn"]
[EventRounds "7"]
[EventCountry "AUS"]
[TimeControl "3600+30"]

1. c4 e5 2. Nc3 Nc6 3. g3 g6 4. Bg2 Bg7 5. Rb1 f5 6. b4 d6 7. b5 Nce7 8. e3 Nf6
9. d4 O-O 10. Nf3 e4 11. Nd2 Kh8 12. Ba3 h6 13. f3 exf3 14. Bxf3 c6 15. Qb3 Be6
16. d5 cxd5 17. cxd5 Bg8 18. O-O Rc8 19. Rbc1 h5 20. Rfd1 Qb6 21. Na4 Qd8 22.
Rxc8 Nxc8 23. Nc4 Ng4 24. Nab2 h4 25. Nd3 hxg3 26. hxg3 Qg5 27. Nf4 Re8 28. Kg2
Be5 29. Bxg4 Qxg4 30. Rh1+ Kg7 31. Rh4 Bxd5+ 32. Kh2 Qf3 33. e4 Qf2+ 34. Kh3
Qf1+ 35. Ng2 Qh1# 0-1

[Event "2023 Norbert Muller Cup (Division A)"]
[Site "Woodvale, Perth WA AUS"]
[Date "2023.11.15"]
[Round "6"]
[White "Curthoys, Edward"]
[Black "Janceski, Alex"]
[Result "1-0"]
[WhiteElo "1934"]
[BlackElo "1878"]
[PlyCount "107"]
[EventDate "2023.10.11"]
[EventType "tourn"]
[EventRounds "7"]
[EventCountry "AUS"]
[TimeControl "3600+30"]

1. d4 d5 2. c4 e6 3. Nc3 Nf6 4. Bg5 Nbd7 5. e3 c6 6. a3 Be7 7. Nf3 h6 8. Bh4
dxc4 9. Bxc4 Nd5 10. Bxe7 Qxe7 11. Qc2 N7b6 12. Ba2 Bd7 13. O-O Rc8 14. b4 Nxc3
15. Qxc3 Nd5 16. Qd2 Nf6 17. Rfe1 a5 18. e4 O-O 19. d5 cxd5 20. exd5 Qd6 21.
dxe6 Qxd2 22. exf7+ Kh8 23. Nxd2 axb4 24. axb4 Rc2 25. Nc4 Rc3 26. Ne5 Bf5 27.
f3 g5 28. g4 Bh7 29. Rad1 Kg7 30. Rd6 Rc7 31. Red1 Re7 32. Re6 Rc7 33. Rxf6
Kxf6 34. Nd7+ Rxd7 35. Rxd7 Bg6 36. Rxb7 Rd8 37. Ra7 Kg7 38. b5 Rb8 39. Bc4 Rc8
40. Bd5 Rb8 41. Rb7 Rd8 42. Be6 Kf6 43. Bb3 Kg7 44. b6 Rd6 45. Rb8 Bxf7 46. Rb7
Kg6 47. Bxf7+ Kf6 48. Bc4 Rd4 49. Be2 Rd2 50. Kf2 Rb2 51. Rb8 Kf7 52. b7 Kg7
53. Ke3 Rb4 54. Ba6 1-0

[Event "2023 Norbert Muller Cup (Division A)"]
[Site "Woodvale, Perth WA AUS"]
[Date "2023.11.22"]
[Round "6"]
[White "Gibson, Jacob"]
[Black "Saxon, Marc"]
[Result "1-0"]
[WhiteElo "2018"]
[BlackElo "2047"]
[PlyCount "65"]
[EventDate "2023.10.11"]
[EventType "tourn"]
[EventRounds "7"]
[EventCountry "AUS"]
[TimeControl "3600+30"]

1. e4 c5 2. Nf3 g6 3. d4 cxd4 4. Nxd4 Nc6 5. c4 Nf6 6. Nc3 Nxd4 7. Qxd4 Bg7 8.
e5 Ng8 9. Bf4 d6 10. c5 Nh6 11. Bb5+ Bd7 12. Bxh6 Bxh6 13. e6 O-O 14. exd7 Bg7
15. Qb4 dxc5 16. Qxc5 Qa5 17. a4 a6 18. b4 Qd8 19. Be2 Qxd7 20. Rd1 Qe6 21. Nd5
Rad8 22. Ne3 Qb3 23. O-O Rc8 24. Qxe7 Rfe8 25. Bc4 Rxe7 26. Bxb3 Bh6 27. Nd5
Re2 28. Rfe1 Rxe1+ 29. Rxe1 Kf8 30. g3 Bg7 31. Kg2 Rc6 32. Re7 Rc3 33. Rxb7 1-0

[Event "2023 Norbert Muller Cup (Division A)"]
[Site "Woodvale, Perth WA AUS"]
[Date "2023.11.15"]
[Round "6"]
[White "Clarke, Daniel"]
[Black "Plaganyi, Gyula"]
[Result "0-1"]
[WhiteElo "1928"]
[BlackElo "1990"]
[BlackTitle "CM"]
[PlyCount "54"]
[EventDate "2023.10.11"]
[EventType "tourn"]
[EventRounds "7"]
[EventCountry "AUS"]
[TimeControl "3600+30"]

1. e4 d5 2. exd5 Nf6 3. d4 Bg4 4. Be2 Bxe2 5. Qxe2 Qxd5 6. Nf3 Nc6 7. O-O O-O-O
8. c3 e6 9. b4 Bd6 10. a4 Rhe8 11. Rd1 Qh5 12. Qb5 e5 13. h3 a6 14. Qf1 e4 15.
Nh2 Nd5 16. b5 Nb8 17. c4 Nb4 18. Ng4 f5 19. Ne3 f4 20. Ng4 Qf7 21. c5 Nc2 22.
Ra2 Qxa2 23. cxd6 Rxd6 24. Bxf4 Rxd4 25. Rxd4 Nxd4 26. Nc3 Qc2 27. Nd1 Ne2+ 0-1

[Event "2023 Norbert Muller Cup (Division B)"]
[Site "Woodvale, Perth WA AUS"]
[Date "2023.11.15"]
[Round "6"]
[White "Weijermars, Tristan"]
[Black "Oswald, Franz"]
[Result "0-1"]
[WhiteElo "1575"]
[BlackElo "1678"]
[PlyCount "54"]
[EventDate "2023.10.11"]
[EventType "tourn"]
[EventRounds "7"]
[EventCountry "AUS"]
[TimeControl "3600+30"]

1. d4 Nf6 2. c4 e6 3. Nc3 Bb4 4. Nf3 d5 5. Bg5 Bxc3+ 6. bxc3 O-O 7. e3 c6 8.
cxd5 cxd5 9. Qc2 Nbd7 10. c4 Qa5+ 11. Nd2 Ne4 12. Bf4 Qxd2+ 13. Qxd2 Nxd2 14.
Kxd2 Nf6 15. f3 b6 16. Rc1 Ba6 17. c5 Bxf1 18. Rhxf1 bxc5 19. Rxc5 Nd7 20. Rc7
Nb6 21. Rb1 Rfc8 22. Kd3 Rxc7 23. Bxc7 Nc4 24. e4 a6 25. exd5 exd5 26. Rb7 h6
27. Bb6 Re8 0-1

[Event "2023 Norbert Muller Cup (Division B)"]
[Site "Woodvale, Perth WA AUS"]
[Date "2023.11.15"]
[Round "6"]
[White "Gough, Dylan"]
[Black "Balavignan, Ashvin"]
[Result "1/2-1/2"]
[WhiteElo "1823"]
[BlackElo "1683"]
[PlyCount "67"]
[EventDate "2023.10.11"]
[EventType "tourn"]
[EventRounds "7"]
[EventCountry "AUS"]
[TimeControl "3600+30"]

1. d4 d5 2. c4 c6 3. e3 Nf6 4. Nf3 e6 5. Nc3 Nbd7 6. cxd5 exd5 7. Bd3 Bd6 8.
O-O O-O 9. Bd2 Re8 10. Qc2 Nf8 11. h3 Bd7 12. Rfe1 Ng6 13. e4 dxe4 14. Nxe4
Nxe4 15. Bxe4 Qc7 16. Bxg6 hxg6 17. Qc3 a5 18. Rxe8+ Bxe8 19. Re1 Bd7 20. a3
Be6 21. Ne5 a4 22. Nxg6 Bd5 23. Ne5 Qc8 24. Nc4 Bc7 25. Ne5 Qf5 26. Qd3 Qh5 27.
Qe2 Qf5 28. Bc3 Re8 29. Qg4 Qxg4 30. Nxg4 Rxe1+ 31. Bxe1 Bf4 32. Ne3 Bxe3 33.
fxe3 f5 34. g4 1/2-1/2

[Event "2023 Norbert Muller Cup (Division B)"]
[Site "Woodvale, Perth WA AUS"]
[Date "2023.11.15"]
[Round "6"]
[White "Leonhardt, Wolfgang"]
[Black "Bhatia, Abhay"]
[Result "1-0"]
[WhiteElo "1760"]
[BlackElo "1745"]
[PlyCount "51"]
[EventDate "2023.10.11"]
[EventType "tourn"]
[EventRounds "7"]
[EventCountry "AUS"]
[TimeControl "3600+30"]

1. d4 d5 2. c4 e6 3. Nc3 Nf6 4. Nf3 Bb4 5. a3 Bxc3+ 6. bxc3 Ne4 7. Bb2 dxc4 8.
e3 b5 9. a4 c6 10. Nd2 Nd6 11. g3 Bb7 12. Bg2 Nd7 13. O-O O-O 14. Ba3 Qc7 15.
axb5 cxb5 16. Bxd6 Qxd6 17. Bxb7 Rab8 18. Bg2 a6 19. Ne4 Qe7 20. Rxa6 e5 21.
Ra7 Qd8 22. Qa1 exd4 23. exd4 Nb6 24. Nc5 Qc8 25. Re1 Qf5 26. Rae7 1-0

[Event "2023 Norbert Muller Cup (Division C)"]
[Site "Woodvale, Perth WA AUS"]
[Date "2023.11.15"]
[Round "6"]
[White "Hintz, Steven"]
[Black "Curtis, Calan"]
[Result "1-0"]
[WhiteElo "1553"]
[BlackElo "1431"]
[PlyCount "93"]
[EventDate "2023.10.11"]
[EventType "tourn"]
[EventRounds "7"]
[EventCountry "AUS"]
[TimeControl "3600+30"]

1. d4 e6 2. e4 d5 3. Nc3 Nf6 4. Bg5 Bb4 5. e5 h6 6. Bh4 g5 7. Bg3 Ne4 8. Qd3 h5
9. f3 h4 10. Bf2 Nxf2 11. Kxf2 Nc6 12. a3 Bxc3 13. Qxc3 Ne7 14. Qd2 Nf5 15. Ne2
c6 16. g4 hxg3+ 17. Nxg3 Nxg3 18. Kxg3 g4 19. fxg4 Qh4+ 20. Kf3 f6 21. Qf2 Qh6
22. Qe3 Qg7 23. h4 fxe5 24. Qxe5 Rf8+ 25. Kg3 Qf7 26. Qe3 Bd7 27. Bd3 O-O-O 28.
Raf1 Qg7 29. Rxf8 Rxf8 30. Qe5 Qg8 31. Rf1 Rxf1 32. Bxf1 Be8 33. Bd3 Bg6 34.
Bxg6 Qxg6 35. Qe2 Kd7 36. h5 Qh7 37. c3 Ke7 38. Qf2 Qd3+ 39. Qf3 Qc2 40. Qf2
Qd3+ 41. Kh4 Qd1 42. Kg5 Qc1+ 43. Kg6 Qb1+ 44. Kg7 Qe4 45. g5 Qg4 46. Qf6+ Kd7
47. h6 1-0

[Event "2023 Norbert Muller Cup (Division C)"]
[Site "Woodvale, Perth WA AUS"]
[Date "2023.11.15"]
[Round "6"]
[White "Walker, Colin"]
[Black "Brooke, John"]
[Result "1-0"]
[WhiteElo "1461"]
[BlackElo "1462"]
[PlyCount "69"]
[EventDate "2023.10.11"]
[EventType "tourn"]
[EventRounds "7"]
[EventCountry "AUS"]
[TimeControl "3600+30"]

1. d4 d5 2. Nf3 Bf5 3. Nc3 Nf6 4. h3 h6 5. Bf4 c6 6. b4 b5 7. a3 e6 8. Ne5 Bd6
9. e3 Qc7 10. Bd3 Bxd3 11. Nxd3 Nbd7 12. Bxd6 Qxd6 13. O-O Qe7 14. Re1 Ne4 15.
Nxe4 dxe4 16. Nf4 O-O-O 17. Rc1 Nf6 18. c4 e5 19. Ne2 bxc4 20. Rxc4 Nd5 21. Qc1
Rd6 22. dxe5 Re6 23. Rxe4 f5 24. Rc4 Kd8 25. Nd4 Rxe5 26. b5 Nb6 27. Rxc6 Qb7
28. Rd1 Ke8 29. Rc7 Qe4 30. Rxa7 Rf8 31. Qc7 Re7 32. Qxb6 Rxa7 33. Qxa7 Qe5 34.
Nc6 Qf6 35. Qd7# 1-0

[Event "2023 Norbert Muller Cup (Division C)"]
[Site "Woodvale, Perth WA AUS"]
[Date "2023.11.15"]
[Round "6"]
[White "Boswarva, Ernest"]
[Black "Akers, Gerard"]
[Result "0-1"]
[WhiteElo "1537"]
[BlackElo "1562"]
[PlyCount "80"]
[EventDate "2023.10.11"]
[EventType "tourn"]
[EventRounds "7"]
[EventCountry "AUS"]
[TimeControl "3600+30"]

1. d4 Nf6 2. e3 g6 3. Nf3 d5 4. Be2 Bg7 5. O-O O-O 6. b3 b6 7. Bb2 c5 8. c4 Bb7
9. Nc3 cxd4 10. Nxd4 e5 11. Nf3 Re8 12. Qc2 Na6 13. Ba3 d4 14. Rad1 Qc7 15. Nb5
Qc6 16. Nd6 dxe3 17. Nxe8 exf2+ 18. Kh1 Nxe8 19. Rd6 Nxd6 20. Rxf2 e4 21. Ng5
h6 22. Nh3 Nf5 23. Nf4 Nd4 24. Qd1 Nxe2 25. Qxe2 Qd7 26. Nd5 Bxd5 27. cxd5 Nc5
28. Qc4 Rc8 29. Re2 Rd8 30. Rd2 Qf5 31. Kg1 Nd3 32. d6 Qf4 33. Rxd3 Be5 34. g3
Qf5 35. Rd1 e3 36. Rf1 Qe6 37. Qxe6 fxe6 38. Rd1 Bc3 39. Kf1 Bd2 40. Bc1 Rxd6 {
Time expired} 0-1

[Event "2023 Norbert Muller Cup (Division D)"]
[Site "Woodvale, Perth WA AUS"]
[Date "2023.11.15"]
[Round "6"]
[White "Hounsome, David"]
[Black "Knight, Charles"]
[Result "1/2-1/2"]
[WhiteElo "1417"]
[BlackElo "1440"]
[PlyCount "79"]
[EventDate "2023.10.11"]
[EventType "swiss"]
[EventRounds "7"]
[EventCountry "AUS"]
[TimeControl "3600+30"]

1. b3 e5 2. Bb2 d6 3. e3 Nf6 4. c4 Nc6 5. d4 Bf5 6. a3 exd4 7. exd4 Be7 8. Nf3
O-O 9. Nc3 Re8 10. Nh4 Bg4 11. f3 Bh5 12. Be2 Qd7 13. O-O d5 14. cxd5 Nxd5 15.
Nxd5 Bxh4 16. Nf4 Qf5 17. Nxh5 Qxh5 18. Rc1 Rad8 19. Rc5 Qxc5 20. dxc5 Rxd1 21.
Bxd1 Bg5 22. b4 a5 23. b5 Ne5 24. Bxe5 Be3+ 25. Kh1 Rxe5 26. Re1 Rd5 27. h3
Bxc5 28. a4 g6 29. Bb3 Rd3 30. Rc1 Rxb3 31. Rxc5 Rb4 32. Rxc7 Rxa4 33. Rxb7 Rb4
34. b6 Kg7 35. Ra7 Rxb6 36. Rxa5 h5 37. h4 Rb4 38. g3 Rb3 39. Kg2 Rb2+ 40. Kf1
1/2-1/2

[Event "2023 Norbert Muller Cup (Division D)"]
[Site "Woodvale, Perth WA AUS"]
[Date "2023.11.15"]
[Round "6"]
[White "Powell, Darren"]
[Black "Nel, Kevin"]
[Result "0-1"]
[WhiteElo "1336"]
[BlackElo "1147"]
[PlyCount "78"]
[EventDate "2023.10.11"]
[EventType "swiss"]
[EventRounds "7"]
[EventCountry "AUS"]
[TimeControl "3600+30"]

1. e4 e5 2. Bc4 Nf6 3. Nc3 Bc5 4. d3 c6 5. Nf3 d5 6. exd5 cxd5 7. Bb3 O-O 8.
O-O Nc6 9. Bg5 Bg4 10. Bxd5 Qb6 11. Na4 Qb5 12. c4 Qa5 13. a3 Bxf3 14. Bxf3 e4
15. b4 Bxf2+ 16. Rxf2 Qxg5 17. dxe4 Rad8 18. Qb1 Ne5 19. Qb3 Rd3 20. Qb2 Nxf3+
21. Rxf3 Rxf3 22. Qe2 Re3 23. Qf1 Ng4 24. Ra2 Rh3 25. g3 Qe3+ 26. Kh1 Re8 27.
Nc5 Re5 28. Qd1 h6 29. Qxg4 Reh5 30. Nd7 Qe1+ 31. Kg2 Rxh2+ 32. Kf3 Qd1+ 33.
Kf4 Qf1+ 34. Ke3 Qc1+ 35. Kf3 Qc3+ 36. Kf4 g5+ 37. Kf5 Qxc4 38. Nf6+ Kf8 39.
Rxh2 Qe6# 0-1

[Event "2023 Norbert Muller Cup (Division D)"]
[Site "Woodvale, Perth WA AUS"]
[Date "2023.11.15"]
[Round "6"]
[White "Jahn, Harold"]
[Black "Dawoud, Ahmad"]
[Result "0-1"]
[WhiteElo "997"]
[BlackElo "966"]
[PlyCount "74"]
[EventDate "2023.10.11"]
[EventType "swiss"]
[EventRounds "7"]
[EventCountry "AUS"]
[TimeControl "3600+30"]

1. d4 d5 2. e4 Nc6 3. Be3 e6 4. Nc3 Bb4 5. Bd2 Nxd4 6. Nf3 Nxf3+ 7. Qxf3 d4 8.
Qd3 dxc3 9. Bxc3 Qxd3 10. Bxd3 Bxc3+ 11. bxc3 e5 12. O-O-O Ne7 13. Rd2 O-O 14.
h4 h5 15. Be2 Bg4 16. f3 Be6 17. g4 Rfd8 18. gxh5 Rxd2 19. Kxd2 f5 20. Rg1 Kh7
21. Bd3 Rd8 22. Rg6 Nxg6 23. hxg6+ Kxg6 24. Kc1 f4 25. Kb2 Rh8 26. a4 Rxh4 27.
c4 c5 28. a5 Bd7 29. Kb3 Kf7 30. c3 g5 31. Kc2 g4 32. fxg4 Bxg4 33. Kd2 f3 34.
Ke3 Rh2 35. Bf1 Bh3 36. Bxh3 Rxh3 37. Kf2 Kg6 0-1

[Event "2023 Norbert Muller Cup (Division D)"]
[Site "Woodvale, Perth WA AUS"]
[Date "2023.11.15"]
[Round "6"]
[White "Porteus, Grant"]
[Black "Lanham, Bruce"]
[Result "0-1"]
[WhiteElo "1431"]
[BlackElo "1215"]
[PlyCount "49"]
[EventDate "2023.10.11"]
[EventType "swiss"]
[EventRounds "7"]
[EventCountry "AUS"]
[TimeControl "3600+30"]

1. d4 d5 2. Bf4 Nf6 3. c4 e6 4. Nc3 dxc4 5. e4 c5 6. Bxc4 cxd4 7. Qa4+ Bd7 8.
Nb5 Bxb5 9. Qxb5+ Qd7 10. Bxb8 Rxb8 11. a3 Nxe4 12. Qe5 Nd6 13. Qxd4 Nxc4 14.
Qxc4 Rc8 15. Qg4 Rc2 16. Rd1 Qe7 17. Qa4+ Rc6 18. Qxa7 Qc7 19. b4 Bd6 20. Nf3
Ke7 21. Nd4 Ra6 22. Nb5 Rxa7 23. Nxc7 Bxc7 24. Ra1 Rd8 25. Ke2 {Scoresheet not
clear} 0-1

[Event "2023 Norbert Muller Cup (Division D)"]
[Site "Woodvale, Perth WA AUS"]
[Date "2023.11.15"]
[Round "6"]
[White "May, Wendy"]
[Black "Markou, Victor"]
[Result "1-0"]
[WhiteElo "875"]
[BlackElo "1042"]
[PlyCount "27"]
[EventDate "2023.10.11"]
[EventType "swiss"]
[EventRounds "7"]
[EventCountry "AUS"]
[TimeControl "3600+30"]

1. e4 e5 2. Nf3 d6 3. d4 Nd7 4. d5 Ngf6 5. Nc3 g6 6. Be2 Bg7 7. O-O O-O 8. Bg5
Re8 9. Qd2 c6 10. Bh6 Bh8 11. dxc6 Nc5 12. Ng5 bxc6 13. Bc4 Ng4 14. Bxf7# 1-0

[Event "2023 Norbert Muller Cup (Division A)"]
[Site "Woodvale, Perth WA AUS"]
[Date "2023.11.29"]
[Round "7"]
[White "Plaganyi, Gyula"]
[Black "Maris, Rob"]
[Result "0-1"]
[WhiteElo "1990"]
[WhiteTitle "CM"]
[BlackElo "2099"]
[PlyCount "80"]
[EventDate "2023.10.11"]
[EventType "tourn"]
[EventRounds "7"]
[EventCountry "AUS"]
[TimeControl "3600+30"]

1. d4 Nf6 2. Bf4 b6 3. Nf3 Bb7 4. e3 g6 5. Nbd2 Bg7 6. c3 O-O 7. h3 d6 8. Be2
Nbd7 9. O-O Qe8 10. Bh2 a5 11. a4 Rc8 12. Rc1 Ne4 13. Nxe4 Bxe4 14. Nd2 Bb7 15.
Bf3 Ba6 16. Be2 Bxe2 17. Qxe2 e5 18. Rfe1 Qe6 19. Qc4 d5 20. Qb3 c5 21. dxe5
Bxe5 22. c4 Bxh2+ 23. Kxh2 dxc4 24. Nxc4 Ne5 25. Red1 Nxc4 26. Rxc4 Rcd8 27.
Rxd8 Rxd8 28. Rc3 Rd5 29. g3 Qd6 30. e4 Rd4 31. Rf3 c4 32. Qc2 Rd3 33. Kg2 Qd4
34. Rf4 Rb3 35. e5 Qd5+ 36. Qe4 Qxe4+ 37. Rxe4 Rb4 38. b3 cxb3 39. Re1 Rxa4 40.
Rb1 Rb4 0-1

[Event "2023 Norbert Muller Cup (Division A)"]
[Site "Woodvale, Perth WA AUS"]
[Date "2023.11.29"]
[Round "7"]
[White "Saxon, Marc"]
[Black "Clarke, Daniel"]
[Result "1/2-1/2"]
[WhiteElo "2047"]
[BlackElo "1928"]
[PlyCount "34"]
[EventDate "2023.10.11"]
[EventType "tourn"]
[EventRounds "7"]
[EventCountry "AUS"]
[TimeControl "3600+30"]

1. e4 e5 2. Nf3 Nc6 3. Bb5 a6 4. Ba4 Nf6 5. d3 b5 6. Bb3 d6 7. Ng5 d5 8. exd5
Nd4 9. c4 h6 10. Ne4 Nxe4 11. dxe4 Bc5 12. cxb5 Qh4 13. O-O Bg4 14. Qd3 Be2 15.
Qg3 Qxg3 16. hxg3 Bxf1 17. Kxf1 axb5 1/2-1/2

[Event "2023 Norbert Muller Cup (Division A)"]
[Site "Woodvale, Perth WA AUS"]
[Date "2023.11.29"]
[Round "7"]
[White "Janceski, Alex"]
[Black "Gibson, Jacob"]
[Result "1-0"]
[WhiteElo "1878"]
[BlackElo "2018"]
[PlyCount "45"]
[EventDate "2023.10.11"]
[EventType "tourn"]
[EventRounds "7"]
[EventCountry "AUS"]
[TimeControl "3600+30"]

1. d4 d5 2. c4 e6 3. e3 Nf6 4. a3 Be7 5. Nd2 O-O 6. Ngf3 b6 7. g3 Bb7 8. Bg2 c5
9. O-O Nc6 10. dxc5 bxc5 11. b3 Qb6 12. Bb2 Ba6 13. Qc2 h6 14. Rab1 Rab8 15.
Rfc1 Rfd8 16. Bf1 d4 17. exd4 cxd4 18. b4 Bxb4 19. axb4 Nxb4 20. Qa4 Qc7 21.
Bxd4 Nc6 22. Rxb8 Nxb8 23. Be5 1-0

[Event "2023 Norbert Muller Cup (Division A)"]
[Site "Woodvale, Perth WA AUS"]
[Date "2023.11.24"]
[Round "7"]
[White "Wolstencroft, Alan"]
[Black "Curthoys, Edward"]
[Result "0-1"]
[WhiteElo "1865"]
[BlackElo "1934"]
[PlyCount "74"]
[EventDate "2023.10.11"]
[EventType "tourn"]
[EventRounds "7"]
[EventCountry "AUS"]
[TimeControl "3600+30"]

{Played away from club} 1. e4 c6 2. d4 d5 3. Nc3 dxe4 4. Nxe4 Nd7 5. Bc4 e6 6.
Nf3 Ngf6 7. Nxf6+ Nxf6 8. Bf4 Bd6 9. Bg3 O-O 10. Qd2 Qc7 11. O-O-O b5 12. Bd3
a5 13. Bxd6 Qxd6 14. Kb1 b4 15. Ne5 c5 16. Nf3 a4 17. dxc5 Qxc5 18. g4 Bb7 19.
g5 Nd5 20. Bxh7+ Kxh7 21. g6+ Kg8 22. Ng5 Nc3+ 23. Ka1 Bxh1 24. Qf4 fxg6 25.
Qh4 Qxg5 26. Qxg5 Nxd1 27. Qxg6 Bd5 28. Qg4 Nxf2 29. Qe2 Rac8 30. c3 b3 31. h4
Bc4 32. Qe1 Rcd8 33. axb3 axb3 34. Kb1 Rd1+ 35. Qxd1 Nxd1 36. Kc1 Ne3 37. Kd2
Nf5 0-1

[Event "2023 Norbert Muller Cup (Division B)"]
[Site "Woodvale, Perth WA AUS"]
[Date "2023.11.29"]
[Round "7"]
[White "Bhatia, Abhay"]
[Black "Michael, Ashley"]
[Result "1/2-1/2"]
[WhiteElo "1745"]
[BlackElo "1563"]
[PlyCount "65"]
[EventDate "2023.10.11"]
[EventType "tourn"]
[EventRounds "7"]
[EventCountry "AUS"]
[TimeControl "3600+30"]

1. e4 d5 2. e5 Bf5 3. d4 c5 4. c3 Nc6 5. Bb5 Qc7 6. Bf4 e6 7. Qh5 Bg6 8. Qe2 c4
9. h4 a6 10. Ba4 Bd3 11. Qd2 Nge7 12. Ne2 Ng6 13. h5 Nxf4 14. Nxf4 Bf5 15. f3
h6 16. g4 Bh7 17. Bc2 Be7 18. Bxh7 Rxh7 19. Qc2 Rh8 20. Ne2 O-O-O 21. Nd2 f6
22. f4 fxe5 23. fxe5 Rdf8 24. O-O-O Bg5 25. Qg6 Qd7 26. Rhf1 Qe8 27. Rxf8 Rxf8
28. Qxg7 Rg8 29. Qh7 Be3 30. Rf1 Nd8 31. Rf3 Bg5 32. a3 Rf8 33. Ng1 1/2-1/2